Logo BPK

Biblioteka

Politechniki Koszalińskiej

Zbiornik Paprocany : (Rekord nr 52606)

Szczegóły MARC
000 -ETYKIETA REKORDU
podpole kontrolne o stałej długości 01093nam a2200253 i 4500
001 - NUMER KONTROLNY REKORDU
pole kontrolne bg
020 ## - MIĘDZYNARODOWY ZNORMALIZOWANY NUMER KSIĄŻKI - ISBN
ISBN 8392151461
040 ## - ŹRÓDŁO KATALOGOWANIA
Instytucja, która utworzyła rekord BPK
041 0# - KOD JĘZYKA
Kod języka tekstu pol
Kod języka streszczenia lub abstraktu eng
080 ## - UNIWERSALNA KLASYFIKACJA DZIESIĘTNA - UKD
UKD 556.5:574.5](438)
920 ## - Międzynarodowy znormalizowany numer książki – ISBN
ISBN 83-921514-6-1
008 - POLE O STAŁEJ DŁUGOŚCI - DANE KONTROLNE
podpole kontrolne o stałej długości s pl f |000 0 pol
100 1# - NAZWA OSOBOWA
Nazwa osobowa KOSTECKI, Maciej
245 10 - TYTUŁ/ODPOWIEDZIALNOŚĆ
Tytuł Zbiornik Paprocany :
Ciąg dalszy tytułu limnologia - hydrobiologia /
Pozostałe elementy strefy tytułu i oznaczenia odpowiedzialności Maciej Kostecki, Mariola Krodkiewska.
260 ## - STREFA ADRESU WYDAWNICZEGO
Miejsce wydania Zabrze :
Nazwa wydawcy/dystrybutora Instytut Podstaw Inżynierii Środowiska PAN,
Data publikacji, dystrybucji/powstania dokumentu 2005.
300 ## - STREFA OPISU FIZYCZNEGO
Objętość 101 s. :
Inne cechy fizyczne il. (w tym kolr.) ;
Rozmiary 24 cm.
490 1# - STREFA SERII I DOKUMENTU WIELOCZĘŚCIOWEGO - FORMA NIE DO WYSZUKIWANIA
Tytuł i oznaczenie odpowiedzialności serii Works & Studies / Institute of Environmental Engineering of the Polish Academy of Sciences / Instytut Podstaw Inżynierii Środowiska Polskiej Akademii Nauk =
-- Prace i Studia,
ISSN 0208-4112 ;
Numeracja w obrębie serii no. 65
500 ## - UWAGI OGÓLNE
Tekst uwagi Streszcz. ang.
504 ## - UWAGA DOTYCZĄCA BIBLIOGRAFII
Informacje o bibliografii Bibliogr. s. 95-97.
651 #9 - HASŁO PRZEDMIOTOWE W FORMIE NAZWY GEOGRAFICZNEJ
Nazwa geograficzna Tychy (woj. śląskie)
Określnik ogólny Jezioro Paprocańskie
-- ekologia
651 #9 - HASŁO PRZEDMIOTOWE W FORMIE NAZWY GEOGRAFICZNEJ
Nazwa geograficzna Tychy (woj. śląskie)
Określnik ogólny Jezioro Paprocańskie
-- hydrologia
830 #0 - HASŁO DODATKOWE SERII LUB DOKUMENTU WIELOCZĘŚCIOWEGO - TYTUŁ UJEDNOLICONY
Tytuł ujednolicony Works & Studies (Institute of Environmental Engineering of the Polish Academy of Sciences) ;
Oznaczenie tomu no. 65
856 ## - LOKALIZACJA I DOSTĘP DO ELEKTRONICZNYCH DOKUMENTÓW ZDALNYCH
Link (URL) http://koha.tu.koszalin.pl/cgi-bin/koha/opac-detail.pl?biblionumber=52606
Tekst linku Katalog online BPK
942 ## - DODATKOWE ELEMENTY (KOHA)
Typ dokumentu Książka
Egzemplarze
Wycofany Status egzemplarza Uszkodzony Dostępność Lokalizacja stała Lokalizacja bieżąca Miejsce przechowywania Sygnatura Kod kreskowy Dział Typ dokumentu
      Tylko na miejscu Czytelnia Wydziału Elektroniki i Informatyki, Wydziału Architektury i Wzornictwa, Wydziału Inżynierii Mechanicznej i Energetyki oraz Wydziału Inżynierii Lądowej, Środowiska i Geodezji Czytelnia Wydziału Elektroniki i Informatyki, Wydziału Architektury i Wzornictwa, Wydziału Inżynierii Mechanicznej i Energetyki oraz Wydziału Inżynierii Lądowej, Środowiska i Geodezji Czytelnia Wydziałowa ul. Śniadeckich 2 81229 02347479 556 Hydrologia Książka
© 2023 Biblioteka Politechniki Koszalińskiej :: KOHA